| 000 | 00410nam a2200181Ia 4500 | ||
|---|---|---|---|
| 001 | 16091 | ||
| 005 | 20260306170244.0 | ||
| 008 | 260306t2024||||xx |||||||||||||| ||und|| | ||
| 041 | _aESP | ||
| 082 |
_a346.6 _bO93 |
||
| 100 |
_aOviedo Albán, Jorge, _eAUT |
||
| 245 | 0 | _aEl contrato | |
| 260 | _c2024 | ||
| 300 |
_a343 páginas : _c24 cm. |
||
| 650 | _aGEN | ||
| 654 | _aCDE | ||
| 942 |
_cLIB _dJUS _fJUS _2ddc _n |
||
| 999 |
_c16091 _d16091 |
||